000 01239nam a22002897a 4500
001 1084
005 20250904081949.0
020 _a9789995005061
040 _aFISKH
_beng
_cFISKH
_dFISKH
082 _a629.222
100 _aDary, Heng
245 _aសៀវភៅរូបភាពយាន្តជំនិះ /
246 _aPicture book vehicles
250 _a9th Published in November, 2021
260 _aPhnom Penh :
_bSipar,
_c2021.
300 _a28 unnumbered pages :
_bcolor illustrations ;
_c20 x 21 cm.
505 _aG
520 _aសៀវភៅនេះរៀបរាប់អំពីយានជំនិះសម្រាប់ធ្វើដំណើរទាំងនៅលើផ្លូវគោក ផ្លូវទឹក ផ្លូវដែក និងផ្លូវអាកាស។
520 _aThis book describes vehicles that travel on the road, on water, by rail, and in the air.
521 _a350
_bLexile estimate
521 _aG
_bRaz-Plus
650 _aយាន្តជំនិះ
_vនៅតាមដងផ្លូវ
650 _aVehicles
_von the roads
700 _aVanthary, Oum
_cEditor
700 _aVisuth, Seng
_cillustrator
942 _2ddc
_cBK
_n0
999 _c1084
_d1084